000 01165nam a2200325 u 4500
001 000062940
005 20200120224303.0
008 140801s2012 ag a gr| 000 0 spa d
020 _a9789588841601
041 0 _aYspa
043 _aa-g----
082 0 4 _221
090 _aC
_bSAPO
245 1 0 _aSapos y diamantes :
_bEuropa - América - África /
_cselección de textos Ruth Kaufman ; ilustraciones Eleonora Arroyo ... [et al.] ; traducción Adriana Ramponi.
260 _aBuenos Aires :
_bPequeño editor,
_c2012.
300 _a45 p. :
_bil. col. :
_e22 cm.
490 0 _aCuentos del globo
_p1
500 _aLas hadas ; Los dos hermanos y el Coquena ; Las calabazas de Kouss.
650 1 7 _aCuentos infantiles
_xColecciones
_2LEMB
650 2 7 _aLibros ilustrados para niños
_2LEMB
650 2 7 _aCultura en la literatura
_2LEMB
650 2 7 _aFamilia en la literatura
_2LEMB
650 2 7 _aAnimales en la literatura
700 1 _aPerrault, Charles
_d1628-1703
700 1 _aCruz, Luisa
700 1 _aDiop, Birago
_d1906-
700 1 _aKaufman, Ruth
_d1961
_ecompiladora
700 1 _aArroyo, Eleonora
_eilustradora
700 1 _aRamponi, Adriana
_etraductora
999 _c8822
_d8822